[Event "EU-ch (Women) 5th"]
[Site "Dresden"]
[Date "2004.03.21"]
[EventDate "?"]
[Round "3"]
[Result "1-0"]
[White "Natalia Pogonina"]
[Black "Corina-Isabela Peptan"]
[WhiteElo "2501"]
[BlackElo "2387"]
[PlyCount "115"]

1.e4 c5 2.Nf3 d6 3.d4 cxd4 4.Nxd4 Nf6 5.Nc3 a6 6.Be2 e5 7.Nb3
Be7 8.Be3 Be6 9.Nd5 Nxd5 10.exd5 Bf5 11.Qd2 O-O 12.O-O a5
13.a4 Nd7 14.f4 exf4 15.Bxf4 Bg6 16.Kh1 Qc7 17.c3 Nf6 18.Qd4
Ne4 19.Bb5 f5 20.Nd2 Bf6 21.Qe3 Rf7 22.Nxe4 fxe4 23.Be2 Re7
24.Bg4 Bf7 25.Rad1 Rae8 26.h3 Qd8 27.b3 Rc7 28.c4 Rc5 29.Rfe1
g6 30.Rf1 Qe7 31.Bxd6 Qxd6 32.Rxf6 Qxf6 33.Qxc5 e3 34.d6 Rd8
35.d7 h5 36.Bf3 Qe6 37.Rd6 Qf5 38.Qxe3 Rxd7 39.Rxd7 Qxd7
40.Qg5 Qd3 41.Bxb7 Qxb3 42.Bd5 Qb6 43.Qe5 Bxd5 44.cxd5 Qc5
45.Kh2 Kh7 46.Qe6 Qd4 47.d6 Qf4+ 48.Kg1 Qc1+ 49.Kf2 Qb2+
50.Kg3 Qa3+ 51.Kh4 Kh6 52.Qe5 Kh7 53.Kg5 Qc1+ 54.Kf6 Qf1+
55.Ke7 Kg8 56.Qf6 Qd3 57.d7 Qa3+ 58.Qd6 1-0

[Event "ACP Blitz Prelim5 3rd"]
[Site "playchess.com INT"]
[Date "2004.06.03"]
[EventDate "?"]
[Round "1"]
[Result "0-1"]
[White "Natalia Pogonina"]
[Black "Daniel Fridman"]
[WhiteElo "2501"]
[BlackElo "2661"]
[PlyCount "158"]

1.e4 d6 2.d4 Nf6 3.Nc3 g6 4.Be3 c6 5.Qd2 Nbd7 6.Nf3 Bg7 7.Bd3
e5 8.h3 O-O 9.O-O b5 10.Bh6 Bb7 11.Ne2 exd4 12.Bxg7 Kxg7
13.Nfxd4 Re8 14.Ng3 Ne5 15.Rfe1 a6 16.Qg5 Kh8 17.Bf1 c5 18.Nb3
Nfd7 19.Qxd8 Raxd8 20.Rad1 Nb6 21.Na5 Ba8 22.f4 Nc6 23.Nxc6
Bxc6 24.e5 d5 25.c3 Na4 26.Rd2 h5 27.Ne2 Nb6 28.Nc1 Nc4 29.Rf2
d4 30.cxd4 cxd4 31.Bd3 a5 32.Nb3 a4 33.Nd2 Nxb2 34.Bf1 d3
35.Rc1 Bd5 36.Nb1 Nc4 37.Bxd3 Be6 38.Be4 Rc8 39.Rfc2 b4 40.Bd3
Nb6 41.Rxc8 Nxc8 42.a3 Rd8 43.Bb5 bxa3 44.Nxa3 Nb6 45.Rc6 Rb8
46.Kf2 Bb3 47.Ke3 Nd5+ 48.Kd4 Nxf4 49.g4 h4 50.Rc3 Rd8+ 51.Ke3
Nxh3 52.Rd3 Rxd3+ 53.Kxd3 Nf2+ 54.Ke3 Nxg4+ 55.Kf4 Nf2 56.Bd7
Be6 57.Bxe6 fxe6 58.Nc4 g5+ 59.Kf3 Nd3 60.Kg4 Kh7 61.Kh3 Kg6
62.Kg4 a3 63.Nxa3 Nxe5+ 64.Kh3 Kh5 65.Nc2 g4+ 66.Kg2 Nc4
67.Kh2 e5 68.Ne1 e4 69.Ng2 Kg5 70.Kg1 e3 71.Ne1 h3 72.Kh2 Kh4
73.Nd3 g3+ 74.Kh1 e2 75.Ne1 Ne3 76.Nf3+ Kh5 77.Ne1 Ng2 78.Nf3
e1=Q+ 79.Nxe1 Nxe1 0-1

[Event "ACP Blitz Prelim5 3rd"]
[Site "playchess.com INT"]
[Date "2004.06.03"]
[EventDate "?"]
[Round "3"]
[Result "1-0"]
[White "Natalia Pogonina"]
[Black "Carlos Gallegos"]
[WhiteElo "2501"]
[BlackElo "2413"]
[PlyCount "95"]

1.e4 c5 2.Nf3 a6 3.c4 Nc6 4.d4 cxd4 5.Nxd4 Qb6 6.Nb3 e6 7.Bd3
Bb4+ 8.Nc3 Nf6 9.O-O O-O 10.Be3 Qc7 11.Na4 b5 12.Nb6 Rb8 13.c5
d6 14.Nxc8 Rfxc8 15.Rc1 dxc5 16.Nxc5 Bxc5 17.Rxc5 Qa5 18.a3
Nd7 19.Rc1 Nce5 20.Be2 Nf6 21.Bf4 Rd8 22.Qb3 b4 23.a4 Nxe4
24.Qe3 f5 25.f3 Nd2 26.Bxe5 Nxf1 27.Bxf1 Rbc8 28.Rxc8 Rxc8
29.Qd4 Rc1 30.Bxg7 Qc5 31.Qxc5 Rxc5 32.Bd4 Rd5 33.Be3 a5
34.Be2 Kf7 35.f4 Ke7 36.Kf2 Rd7 37.Ke1 Rc7 38.Kd2 Rc6 39.Bd4
b3 40.Bb5 Rc2+ 41.Ke3 Rxg2 42.Bc4 Rxh2 43.Bc3 h5 44.Bxb3 h4
45.Kf3 Rh3+ 46.Kf2 Rd3 47.Bc4 Rd2+ 48.Bxd2 1-0

[Event "ACP Blitz Prelim5 3rd"]
[Site "playchess.com INT"]
[Date "2004.06.03"]
[EventDate "?"]
[Round "5"]
[Result "0-1"]
[White "Natalia Pogonina"]
[Black "Bartosz Socko"]
[WhiteElo "2501"]
[BlackElo "2637"]
[PlyCount "112"]

1.e4 e6 2.d4 d5 3.Nd2 c5 4.exd5 exd5 5.Bb5+ Nc6 6.Ngf3 Bd6
7.dxc5 Bxc5 8.O-O Nge7 9.Nb3 Bb6 10.h3 O-O 11.c3 a6 12.Bd3 Bf5
13.Re1 Qd7 14.Be3 Bxe3 15.Rxe3 Rad8 16.Nc5 Qc8 17.Bxf5 Nxf5
18.Rd3 Nce7 19.Nb3 Rd6 20.Qd2 Rfd8 21.Rd1 b5 22.Nbd4 h6 23.Qf4
Rf6 24.Nxf5 Rxf5 25.Qe3 Qc7 26.Re1 Kf8 27.Qd2 Rf6 28.Nd4 Ng6
29.Ne2 Qc5 30.Rd4 Ne5 31.Nf4 Nc4 32.Qc1 g5 33.Nd3 Qd6 34.Nb4
Rf5 35.Red1 Nb6 36.Nxa6 Qf6 37.Qc2 Re8 38.Nb4 Ree5 39.b3 Kg7
40.Qd2 Re4 41.Rxe4 dxe4 42.Qd4 Re5 43.Nc6 Re6 44.Qxb6 Rxc6
45.Qxb5 Rxc3 46.Qe2 e3 47.fxe3 Qc6 48.Qf3 Qc5 49.Rf1 Qe7
50.Re1 Qe5 51.b4 f5 52.Rd1 Rxe3 53.Qb7+ Kg6 54.Qc6+ Kh5 55.Qc5
Qg3 56.Qc2 f4 0-1

[Event "RUS-CHN m"]
[Site "Moscow"]
[Date "2004.08.10"]
[EventDate "?"]
[Round "2"]
[Result "1/2-1/2"]
[White "Natalia Pogonina"]
[Black "Zhao Xue"]
[WhiteElo "2501"]
[BlackElo "2542"]
[PlyCount "95"]

1.e4 c5 2.Nf3 d6 3.d4 cxd4 4.Nxd4 Nf6 5.Nc3 a6 6.a4 e5 7.Nf3
Qc7 8.Bg5 Nbd7 9.a5 Be7 10.Bd3 h6 11.Be3 Nc5 12.O-O Bg4 13.h3
Bh5 14.Bxc5 Qxc5 15.Be2 Bxf3 16.Bxf3 Bd8 17.Nd5 Nxd5 18.Qxd5
Qxd5 19.exd5 Rc8 20.c3 Rc5 21.b4 Rxc3 22.Rac1 Rb3 23.Rb1 Ra3
24.Ra1 Rxa1 25.Rxa1 Bg5 26.Ra2 Kd7 27.Rc2 f5 28.Be2 Ra8 29.g3
Bd8 30.Kg2 e4 31.f3 Rc8 32.Rxc8 Kxc8 33.fxe4 fxe4 34.Kf2 Kb8
35.Ke3 Bg5+ 36.Kxe4 Bd2 37.b5 Ka7 38.bxa6 bxa6 39.Kd3 Bxa5
40.Kc4 Be1 41.g4 Kb6 42.Bd1 Kc7 43.Kd3 Bg3 44.Bc2 Kd7 45.Ke4
Bf2 46.Bd1 Kc7 47.Kd3 Kb6 48.Ke4 1/2-1/2

[Event "RUS-CHN m"]
[Site "Moscow"]
[Date "2004.08.10"]
[EventDate "?"]
[Round "4"]
[Result "0-1"]
[White "Natalia Pogonina"]
[Black "Yuhua Xu"]
[WhiteElo "2501"]
[BlackElo "2485"]
[PlyCount "96"]

1.e4 c5 2.Nf3 d6 3.d4 cxd4 4.Nxd4 Nf6 5.Nc3 a6 6.Be2 e5 7.Nb3
Be7 8.Be3 Be6 9.Nd5 Nbd7 10.Qd3 Bxd5 11.exd5 O-O 12.O-O Rc8
13.c4 a5 14.Rac1 b6 15.f4 Re8 16.Kh1 Bf8 17.f5 Be7 18.Bg1 h6
19.Nd2 Nh7 20.Ne4 Ng5 21.Nc3 Bf6 22.Bd1 e4 23.Qe2 Nc5 24.Ba4
Nxa4 25.Nxa4 e3 26.Qd3 b5 27.Nc3 bxc4 28.Qc2 Bd4 29.Rfe1 Qf6
30.Rcd1 Re7 31.Re2 Rce8 32.Qc1 Ba7 33.Rf1 Ne4 34.Nxe4 Rxe4
35.Qb1 Qe5 36.Qd1 Bd4 37.Rf3 Rf4 38.Rxf4 Qxf4 39.Qa4 Re4
40.Qxc4 Qxf5 41.Qd3 Bc5 42.Re1 Qe5 43.h3 f5 44.b3 Rd4 45.Qe2
f4 46.Rd1 Rxd1 47.Qxd1 e2 48.Qe1 Bb4 0-1

[Event "RUS-CHN m"]
[Site "Moscow"]
[Date "2004.08.10"]
[EventDate "?"]
[Round "6"]
[Result "0-1"]
[White "Natalia Pogonina"]
[Black "Huang Qian"]
[WhiteElo "2501"]
[BlackElo "2275"]
[PlyCount "162"]

1.e4 c5 2.Nf3 d6 3.d4 cxd4 4.Nxd4 Nf6 5.Nc3 a6 6.Be2 e5 7.Nb3
Be7 8.Be3 Be6 9.Nd5 Nbd7 10.Qd3 O-O 11.O-O Bxd5 12.exd5 Nc5
13.Qd2 Qc7 14.f3 Rac8 15.c4 b6 16.Kh1 Nh5 17.Nxc5 dxc5 18.Bd3
g6 19.f4 exf4 20.Bxf4 Nxf4 21.Qxf4 Bd6 22.Qh4 Rce8 23.Rae1 Re5
24.Rxe5 Bxe5 25.b3 Kg7 26.Re1 Qd6 27.g3 Re8 28.Re2 Re7 29.Qg5
b5 30.Kg2 b4 31.Qe3 a5 32.Qf3 Qd7 33.Bc2 Bd6 34.Rxe7 Qxe7
35.Qe4 Qf6 36.Bb1 h5 37.Bd3 Qg5 38.Kf1 Qc1+ 39.Qe1 Qb2 40.Qf2
Qe5 41.Qe2 Qd4 42.Qe4 Qa1+ 43.Bb1 Qc3 44.Bd3 Qb2 45.Qe2 Qf6+
46.Qf2 Qg5 47.Qb2+ Kh7 48.Qf2 Kg8 49.Be4 Qe5 50.Bd3 Kg7 51.Qe2
Qd4 52.Qe4 Qa1+ 53.Bb1 Qb2 54.Qc2 Qd4 55.Qd3 Qf6+ 56.Kg2 h4
57.Bc2 Qg5 58.Bd1 f5 59.Be2 Qh6 60.gxh4 Qxh4 61.h3 Qg5+ 62.Kh1
Qf4 63.Kg2 Qh2+ 64.Kf1 Bg3 65.Qf3 Qxh3+ 66.Qg2 Qxg2+ 67.Kxg2
Bd6 68.Bd3 Kf6 69.Bc2 g5 70.Kh3 Kg6 71.Bd1 g4+ 72.Bxg4 fxg4+
73.Kxg4 Bc7 74.Kh4 Kf5 75.Kh5 Bg3 76.Kh6 Ke4 77.Kg5 Kd4 78.Kf5
Kc3 79.Ke6 Kb2 80.d6 Kxa2 81.d7 Bh4 0-1

[Event "WUCC op (Women) 8th"]
[Site "Istanbul"]
[Date "2004.09.05"]
[EventDate "?"]
[Round "1"]
[Result "1/2-1/2"]
[White "Natalia Pogonina"]
[Black "Karolina Smokina"]
[WhiteElo "2501"]
[BlackElo "2211"]
[PlyCount "107"]

1.e4 c5 2.Nf3 Nc6 3.d4 cxd4 4.Nxd4 e5 5.Nb5 d6 6.c4 Be7 7.N1c3
a6 8.Na3 f5 9.exf5 Bxf5 10.Bd3 Be6 11.O-O Nf6 12.Nc2 O-O 13.b3
Kh8 14.Bb2 Rc8 15.Ne3 Nd4 16.Ne2 Nxe2+ 17.Qxe2 Qd7 18.Rad1 Ng4
19.Be4 b5 20.Nd5 Bd8 21.h3 Nf6 22.Nxf6 gxf6 23.cxb5 axb5
24.Qd3 Bc7 25.f4 Qg7 26.f5 Bd7 27.Kh1 b4 28.Rc1 Bb8 29.Qd2 Bb5
30.Rfd1 Qa7 31.Rxc8 Rxc8 32.Qxb4 Be2 33.Re1 Bh5 34.Rc1 Rxc1+
35.Bxc1 Qc7 36.Be3 Bf7 37.Qb5 Kg7 38.Bd5 Ba7 39.Bxa7 Qxa7
40.Bxf7 Qxf7 41.a4 d5 42.a5 Qc7 43.Qb6 Qc1+ 44.Qg1 Qa3 45.Qa7+
Kh6 46.Qe3+ Kg7 47.Qg3+ Kh6 48.Qh4+ Kg7 49.Qg4+ Kh6 50.Qh4+
Kg7 51.b4 d4 52.Qe4 d3 53.Qg4+ Kh6 54.Qh4+ 1/2-1/2

[Event "WUCC op (Women) 8th"]
[Site "Istanbul"]
[Date "2004.09.10"]
[EventDate "2004.09.05"]
[Round "8"]
[Result "1-0"]
[White "Alina L'Ami"]
[Black "Natalia Pogonina"]
[WhiteElo "2359"]
[BlackElo "2402"]
[PlyCount "93"]

1. b3 e5 2. Bb2 Nc6 3. e3 Nf6 4. Bb5 d6 5. f4 Bg4 6. Ne2 exf4
7. exf4 d5 8. h3 Bd7 9. Bxc6 Bxc6 10. O-O Bc5+ 11. Bd4 Qd6
12. Bxc5 Qxc5+ 13. d4 Qd6 14. Nd2 O-O 15. Ng3 Bd7 16. Qf3 Rfe8
17. Rae1 Bb5 18. Rxe8+ Rxe8 19. Rd1 Qb4 20. c3 Qa3 21. c4 Bc6
22. c5 Qb2 23. Qd3 a5 24. Nf3 Ne4 25. Nxe4 dxe4 26. Qd2 Qa3
27. Ne5 Bd5 28. Ng4 a4 29. Ne3 c6 30. Rb1 axb3 31. axb3 Qa6
32. b4 Qb5 33. Ra1 h6 34. Kf2 b6 35. Nxd5 cxd5 36. Ra3 Rb8
37. Ke3 bxc5 38. dxc5 Qc4 39. Rc3 Qxb4 40. c6 Rc8 41. Qd4 Qb1
42. Qxd5 Qg1+ 43. Kxe4 Qxg2+ 44. Kd4 Qf2+ 45. Kd3 Qxf4 46. c7
Re8 47. c8=Q 1-0

[Event "Chigorin mem 12th"]
[Site "St Petersburg"]
[Date "2004.10.16"]
[EventDate "?"]
[Round "9"]
[Result "0-1"]
[White "Natalia Pogonina"]
[Black "Vladimir Nevostrujev"]
[WhiteElo "2501"]
[BlackElo "2495"]
[PlyCount "110"]

1.e4 c5 2.Nf3 d6 3.d4 cxd4 4.Nxd4 Nf6 5.Nc3 a6 6.Be2 e5 7.Nb3
Be7 8.Be3 O-O 9.O-O Nbd7 10.a4 b6 11.Qd2 Bb7 12.f3 Rc8 13.Rfd1
Qc7 14.Bf1 Qb8 15.Qf2 Rxc3 16.bxc3 d5 17.exd5 Nxd5 18.Rxd5
Bxd5 19.Bxa6 Nf6 20.Be2 Rc8 21.c4 Bxc4 22.Bxc4 Rxc4 23.Bxb6
Qc8 24.Ra2 Nd5 25.a5 Nb4 26.Rb2 Nxc2 27.Qe2 h6 28.Rb1 Bf6
29.Nd2 Rc6 30.Nf1 Na3 31.Rb3 Nc4 32.Qe4 Be7 33.Ba7 Bd6 34.Qd5
Qa6 35.Bf2 Nxa5 36.Rb1 Nc4 37.Rc1 Bf8 38.Ne3 Rc5 39.Qd1 Nb2
40.Qf1 Rxc1 41.Qxc1 Nd3 42.Qc4 Qa3 43.Nf1 Nxf2 44.Kxf2 Bc5+
45.Kg3 g6 46.Kh3 Bd4 47.Nd2 Kg7 48.Ne4 Qe7 49.Qd5 h5 50.g3 Qc7
51.Kg2 Qc2+ 52.Kh3 Qc8+ 53.Kg2 h4 54.gxh4 Qc2+ 55.Kg3 Qd1 0-1

[Event "Chigorin mem 12th"]
[Site "St Petersburg"]
[Date "2004.10.16"]
[EventDate "?"]
[Round "4"]
[Result "1-0"]
[White "Alexei Kornev"]
[Black "Natalia Pogonina"]
[WhiteElo "2527"]
[BlackElo "2501"]
[PlyCount "77"]

1.Nf3 c5 2.c4 Nc6 3.d4 cxd4 4.Nxd4 Nf6 5.Nc3 g6 6.e4 d6 7.Nc2
Bg7 8.Be2 O-O 9.O-O Be6 10.Be3 Qa5 11.f4 Rfc8 12.a3 Qd8 13.f5
Bd7 14.g4 Be8 15.g5 Nd7 16.Nd5 Bxb2 17.Rb1 Be5 18.Bg4 Rcb8
19.h4 Bg7 20.h5 Nce5 21.Bh3 Nc5 22.hxg6 hxg6 23.f6 Bf8 24.fxe7
Bxe7 25.Nf6+ Bxf6 26.gxf6 Bd7 27.Bg2 Bc6 28.Qe1 Nxc4 29.Qh4
Ne6 30.Rf3 Ng7 31.Rg3 Nxe3 32.Nxe3 Nh5 33.Qxh5 Qxf6 34.Rf1 Qe5
35.Rxg6+ fxg6 36.Qxg6+ Qg7 37.Qe6+ Kh8 38.Rf6 Kh7 39.Nf5 1-0

[Event "Chigorin mem 12th"]
[Site "St Petersburg"]
[Date "2004.10.16"]
[EventDate "?"]
[Round "6"]
[Result "1/2-1/2"]
[White "Andrey Vovk"]
[Black "Natalia Pogonina"]
[WhiteElo "2512"]
[BlackElo "2501"]
[PlyCount "119"]

1.e4 c5 2.Nf3 d6 3.d4 cxd4 4.Nxd4 Nf6 5.Nc3 g6 6.Be3 Bg7 7.f3
O-O 8.Qd2 Nc6 9.O-O-O Nxd4 10.Bxd4 Be6 11.Kb1 Qc7 12.g4 Rfc8
13.h4 Qa5 14.Qg5 Qxg5 15.hxg5 Nd7 16.Bxg7 Kxg7 17.Be2 f6
18.gxf6+ Nxf6 19.Nb5 Rc5 20.Nd4 Bg8 21.Bd3 a6 22.Rdg1 Rf8
23.a4 Nd7 24.Rh3 e5 25.Nb3 Rc7 26.Rgh1 Rf4 27.Be2 Kf8 28.Nc1
Ke7 29.Nd3 Rf8 30.b3 Nf6 31.Re1 Kd8 32.Nb2 Rd7 33.Bc4 Bxc4
34.Nxc4 Kc7 35.a5 Rdf7 36.Rd1 Rd8 37.Ne3 Kc6 38.Nc4 Kc7 39.Ne3
Kd7 40.c4 Ke6 41.Nd5 Nxd5 42.Rxd5 Rdf8 43.Rd3 h5 44.gxh5 gxh5
45.Rxh5 Rxf3 46.Rh6+ R8f6 47.Rxf6+ Rxf6 48.Kc2 Rf2+ 49.Kc3 Re2
50.Rh3 Kd7 51.Rh4 Kc6 52.b4 Re3+ 53.Kc2 b6 54.axb6 Kxb6 55.Rh6
Kc7 56.c5 dxc5 57.bxc5 a5 58.Ra6 Rxe4 59.Rxa5 Kc6 60.Kd3
1/2-1/2

[Event "Chigorin mem 12th"]
[Site "St Petersburg"]
[Date "2004.10.16"]
[EventDate "?"]
[Round "8"]
[Result "0-1"]
[White "Vladimir Frolochkin"]
[Black "Natalia Pogonina"]
[WhiteElo "2305"]
[BlackElo "2501"]
[PlyCount "88"]

1.e4 c5 2.Nf3 d6 3.Bb5+ Bd7 4.Bxd7+ Qxd7 5.c4 Nf6 6.Nc3 g6
7.O-O Bg7 8.d4 cxd4 9.Nxd4 Nc6 10.Nde2 O-O 11.f3 a6 12.Be3
Rab8 13.a4 Qc7 14.Rc1 Nd7 15.Kh1 e6 16.b3 Nc5 17.Rb1 Rbc8
18.Qd2 Na5 19.Qc2 Ncxb3 20.Rxb3 Nxb3 21.Qxb3 Qxc4 22.Qxc4 Rxc4
23.Bd2 Rfc8 24.Rc1 d5 25.exd5 exd5 26.Kg1 d4 27.Nb1 Rc2 28.Kf1
d3 29.Rd1 dxe2+ 30.Kxe2 Rd8 31.Ke1 b5 32.axb5 axb5 33.Na3
Rcxd2 34.Rxd2 Bc3 35.Nb1 Bxd2+ 36.Nxd2 Kg7 37.Kd1 Rc8 38.Ne4
b4 39.Nd2 Kf6 40.Ke2 Ke5 41.Kd3 Rc3+ 42.Ke2 Kd4 43.f4 b3
44.Nf3+ Rxf3 0-1

[Event "RUS Cup (Women) 3rd"]
[Site "Voronezh"]
[Date "2004.11.13"]
[EventDate "?"]
[Round "2"]
[Result "1-0"]
[White "Natalia Pogonina"]
[Black "Olga Iljushina"]
[WhiteElo "2501"]
[BlackElo "2264"]
[PlyCount "120"]

1.e4 c5 2.Nf3 Nc6 3.d4 cxd4 4.Nxd4 Nf6 5.Nc3 d6 6.Be2 e6 7.O-O
Be7 8.Be3 O-O 9.f4 Bd7 10.Kh1 a6 11.Qe1 Nxd4 12.Bxd4 Bc6
13.Qg3 g6 14.Bf3 Nd7 15.f5 e5 16.Be3 Bf6 17.Rad1 Qc7 18.Bg4
Bg7 19.Bg5 Bf6 20.fxg6 Bxg5 21.gxf7+ Kh8 22.Bxd7 Qxd7 23.Qxg5
Rxf7 24.Rxf7 Qxf7 25.Qh6 Rd8 26.h3 Qg6 27.Qxg6 hxg6 28.Kg1 Kg7
29.Kf2 Kf6 30.Ke3 Ke6 31.Nd5 Rc8 32.Nb6 Rh8 33.c4 Rh4 34.Nd5
b5 35.b3 Rh8 36.Rf1 Bxd5 37.cxd5+ Ke7 38.Rc1 Kd7 39.Rc6 Ra8
40.h4 a5 41.Rb6 Rh8 42.g3 Rc8 43.Rb7+ Ke8 44.Kd2 b4 45.Rg7 Rc3
46.Rxg6 Rf3 47.g4 Rf2+ 48.Kd3 Rxa2 49.Rxd6 Rg2 50.Rg6 Kf7
51.h5 Rg3+ 52.Kc4 Rc3+ 53.Kb5 Rxb3 54.Kxa5 Re3 55.Kxb4 Rxe4+
56.Kc5 Ra4 57.d6 e4 58.d7 Ra8 59.Kd4 Ke7 60.Rg7+ Kf8 1-0

[Event "RUS Cup (Women) 3rd"]
[Site "Voronezh"]
[Date "2004.11.13"]
[EventDate "?"]
[Round "1"]
[Result "1/2-1/2"]
[White "Ekaterina Ubiennykh"]
[Black "Natalia Pogonina"]
[WhiteElo "2270"]
[BlackElo "2501"]
[PlyCount "99"]

1.d4 Nf6 2.c4 c5 3.d5 b5 4.cxb5 a6 5.b6 e6 6.Nc3 exd5 7.Nxd5
Nxd5 8.Qxd5 Nc6 9.Nf3 Rb8 10.e4 Be7 11.Bd2 O-O 12.Bc3 Rxb6
13.Bc4 Nb4 14.Qd2 Bb7 15.O-O-O Bxe4 16.Qxd7 Bg5+ 17.Nxg5 Qxg5+
18.Qd2 Qg6 19.Rhe1 Bb1 20.Bxb4 Rxb4 21.b3 h6 22.Re7 Rbb8
23.Rde1 Kh8 24.R1e3 Bf5 25.Qc3 h5 26.Rg3 Qh6+ 27.Qe3 Qf6
28.Qe5 Qh6+ 29.f4 h4 30.Re3 Be6 31.Bxe6 fxe6 32.g3 c4 33.Qxe6
Qxe6 34.R7xe6 cxb3 35.Rxb3 Rbc8+ 36.Kd2 Rfd8+ 37.Rd3 Rxd3+
38.Kxd3 Rc1 39.gxh4 a5 40.Re5 a4 41.Ra5 Rh1 42.Rxa4 Rxh2 43.f5
Rh3+ 44.Ke2 Kg8 45.Kf2 Kf7 46.Kg2 Re3 47.Rf4 Ra3 48.Rf2 Kf6
49.Kf1 Ra4 50.Ke1 1/2-1/2

[Event "RUS Cup (Women) 3rd"]
[Site "Voronezh"]
[Date "2004.11.13"]
[EventDate "?"]
[Round "3"]
[Result "0-1"]
[White "Irina Semenova"]
[Black "Natalia Pogonina"]
[WhiteElo "2272"]
[BlackElo "2501"]
[PlyCount "127"]

1.e4 c5 2.Nf3 d6 3.d4 cxd4 4.Nxd4 Nf6 5.Nc3 g6 6.Be3 Bg7 7.f3
O-O 8.Qd2 Nc6 9.O-O-O Nxd4 10.Bxd4 Be6 11.Kb1 Qc7 12.g4 Rfc8
13.h4 Qa5 14.a3 Rab8 15.h5 b5 16.h6 Bh8 17.Nd5 Qxd2 18.Rxd2
Bxd5 19.exd5 a5 20.g5 Nh5 21.Bxh8 Kxh8 22.Rh4 Kg8 23.Bh3 Rc5
24.c3 Kf8 25.Rhd4 Ng3 26.Rg2 Nf5 27.Bxf5 gxf5 28.f4 Ke8 29.Kc2
Rbc8 30.Rg1 Kd7 31.Rf1 Rc4 32.Rfd1 R8c7 33.R1d3 a4 34.Kd2 Kc8
35.Rg3 Kb7 36.Rg1 Kb6 37.Rg3 Kc5 38.Rgd3 Rb7 39.Ke3 Rb8 40.Kf3
Rc8 41.Rd2 Rc7 42.Ke3 Kb6 43.Kd3 Kc5 44.Ke3 Rc8 45.Kf3 Kb6
46.Re2 Rxd4 47.cxd4 Rc7 48.Ke3 b4 49.axb4 Kb5 50.Kd2 Kc4
51.Re3 Rb7 52.b5 Kxd5 53.Kc3 e6 54.Kb4 Kxd4 55.Rc3 e5 56.Ka5
a3 57.Rxa3 Ra7+ 58.Kb6 Rxa3 59.bxa3 exf4 60.Kc7 f3 61.b6 f2
62.b7 f1=Q 63.b8=Q Qc4+ 64.Kd8 0-1

[Event "Bykova mem"]
[Site "Vladimir"]
[Date "2004.12.07"]
[EventDate "?"]
[Round "5"]
[Result "1/2-1/2"]
[White "Natalia Pogonina"]
[Black "Anna Burtasova"]
[WhiteElo "2501"]
[BlackElo "2331"]
[PlyCount "230"]

1.e4 c5 2.Nf3 e6 3.d4 cxd4 4.Nxd4 a6 5.Bd3 Nf6 6.O-O d6 7.c4
b6 8.Nc3 Bb7 9.Qe2 Nbd7 10.b3 Qc7 11.Bb2 Be7 12.Rad1 Rc8
13.Kh1 O-O 14.f4 Rfe8 15.Bb1 Qb8 16.Rde1 Qa8 17.a3 Rc7 18.Nf3
Nf8 19.Nd2 N6d7 20.Qd3 Ng6 21.b4 Rcc8 22.Bc2 Bc6 23.Bb3 Qb8
24.Ne2 Bh4 25.Rd1 Bf6 26.Nd4 Bb7 27.Ba1 Rcd8 28.Ba4 Qa8
29.Rde1 Re7 30.f5 Nde5 31.Qg3 Bh4 32.Qh3 exf5 33.Nxf5 Bxe1
34.Nxe7+ Nxe7 35.Rxe1 N7g6 36.Bd4 Bc6 37.Bxc6 Qxc6 38.Qb3 Rc8
39.Rc1 Nf4 40.Qe3 Ne6 41.Bxb6 Ng4 42.Qg1 Qa4 43.h3 Ne5 44.Qe3
Nd7 45.Ba5 Qc6 46.Qd3 Nf4 47.Qe3 g5 48.Nf3 f6 49.Nd4 Qa8
50.Nf5 Re8 51.Nxd6 Re6 52.Rd1 f5 53.Qg3 h6 54.Nxf5 Qxe4 55.Ne3
Qxe3 56.Qxe3 Rxe3 57.Rxd7 Re1+ 58.Kh2 Re2 59.Rd6 Rxg2+ 60.Kh1
Rg3 61.Rxh6 Rxa3 62.Rxa6 Rxh3+ 63.Kg1 g4 64.Bc7 Rg3+ 65.Kf1
Rf3+ 66.Ke1 Nd3+ 67.Ke2 Nxb4 68.Rg6+ Kf7 69.Rxg4 Rh3 70.Re4
Rh6 71.Kd2 Re6 72.Rd4 Nc6 73.Rd5 Ke7 74.Kc3 Re3+ 75.Kb2 Rh3
76.c5 Nb4 77.Rd4 Nd3+ 78.Kc2 Nxc5 79.Bd6+ Ke6 80.Bxc5 Ke5
81.Rd8 Ke4 82.Bb4 Rf3 83.Bc3 Rh3 84.Kb3 Rd3 85.Re8+ Kd5 86.Kb4
Rh3 87.Re5+ Kd6 88.Bd4 Rh1 89.Ra5 Rb1+ 90.Kc4 Rc1+ 91.Bc3 Ke6
92.Re5+ Kd6 93.Rf5 Rh1 94.Rf6+ Ke7 95.Ra6 Rh5 96.Kd4 Kd7
97.Ke4 Rc5 98.Bd4 Rb5 99.Be5 Rb4+ 100.Kd5 Rb5+ 101.Kd4 Ke7
102.Ke4 Kd7 103.Kf5 Rb1 104.Rd6+ Ke7 105.Rc6 Rf1+ 106.Bf4 Rd1
107.Be5 Rd5 108.Ke4 Ra5 109.Kf5 Rd5 110.Rh6 Kd7 111.Rh7+ Kc6
112.Rc7+ Kb5 113.Ke4 Rd8 114.Bf6 Rd6 115.Bd4 Rd8 1/2-1/2

[Event "Bykova mem"]
[Site "Vladimir"]
[Date "2004.12.07"]
[EventDate "?"]
[Round "7"]
[Result "1-0"]
[White "Natalia Pogonina"]
[Black "Maria Komiagina"]
[WhiteElo "2501"]
[BlackElo "2265"]
[PlyCount "105"]

1.e4 c5 2.Nf3 d6 3.d4 cxd4 4.Nxd4 Nf6 5.Nc3 Nc6 6.Be2 e5 7.Nf3
h6 8.O-O Be7 9.Re1 O-O 10.h3 Be6 11.Bf1 Nb8 12.a4 a6 13.b3
Nbd7 14.a5 Rc8 15.Bb2 Re8 16.Nd5 Nxd5 17.exd5 Bf5 18.Bd3 Bxd3
19.Qxd3 Bf6 20.Qd2 e4 21.Bxf6 Qxf6 22.Nd4 Qe5 23.Ne2 f5
24.Rac1 Nf8 25.c4 Ng6 26.Qc3 Qe7 27.f4 exf3 28.Qxf3 Qg5 29.Nd4
Nh4 30.Qf2 Re5 31.Ne6 Qf6 32.Kh1 f4 33.Rf1 Ng6 34.Qb6 Re2
35.Rf2 Rb2 36.Rxb2 Qxb2 37.Rf1 Re8 38.Qxb7 Nh4 39.Rf2 Qa1+
40.Kh2 Qe5 41.Qd7 Rb8 42.Nxf4 Kh7 43.Qe6 Qd4 44.Qe2 Nf5 45.Ne6
Qe3 46.Qxe3 Nxe3 47.Rf3 Nc2 48.Kg3 Na3 49.Kf2 Nc2 50.Ke2 Re8
51.Kd2 Nb4 52.Rf7 Kg6 53.Rb7 1-0

[Event "Bykova mem"]
[Site "Vladimir"]
[Date "2004.12.07"]
[EventDate "?"]
[Round "11"]
[Result "0-1"]
[White "Natalia Pogonina"]
[Black "Sandugach Shaydullina"]
[WhiteElo "2501"]
[BlackElo "2230"]
[PlyCount "102"]

1.e4 c5 2.Nf3 d6 3.d4 cxd4 4.Nxd4 Nf6 5.Nc3 Nc6 6.Be2 e5 7.Nf3
h6 8.O-O Be7 9.Re1 O-O 10.h3 a6 11.a4 Be6 12.Bf1 Qc7 13.Be3
Rac8 14.Nd5 Bxd5 15.exd5 Nb4 16.c4 a5 17.Nd2 Nd7 18.Ne4 f5
19.Nc3 Qd8 20.Nb5 Nc5 21.Bd2 Nba6 22.Bc3 Ne4 23.Bd3 Nxc3
24.Nxc3 e4 25.Bf1 Bf6 26.Qc2 Be5 27.Rab1 Qg5 28.Qc1 Bf4 29.Qd1
Nc5 30.Ne2 Be5 31.Nd4 Rf6 32.Ne6 Nxe6 33.dxe6 Rxe6 34.Qd5 Rce8
35.Qxa5 Rg6 36.Qd5+ Kh7 37.b4 h5 38.Qd1 h4 39.Qc1 Bf4 40.Qd1
Rc8 41.Kh1 Rxc4 42.Rb3 Rc1 43.Qe2 Rxe1 44.Qxe1 d5 45.Qd1 Be5
46.Kg1 d4 47.b5 d3 48.f3 Qg3 49.fxe4 Qh2+ 50.Kf2 Bd4+ 51.Ke1
Qg3+ 0-1

[Event "RUS Cup Qualifier 5"]
[Site "chessassistantclub.com INT"]
[Date "2004.12.24"]
[EventDate "?"]
[Round "?"]
[Result "0-1"]
[White "Ramil Hasangatin"]
[Black "Natalia Pogonina"]
[WhiteElo "2498"]
[BlackElo "2501"]
[PlyCount "116"]

1.e4 c5 2.Nf3 e6 3.d3 Nc6 4.g3 g6 5.d4 cxd4 6.Nxd4 Bg7 7.Nb5
d5 8.exd5 exd5 9.Bg2 a6 10.N5c3 d4 11.Ne4 f5 12.Ned2 Qe7+
13.Kf1 Nf6 14.Bf3 O-O 15.Kg2 Be6 16.Re1 Qf7 17.Nb3 Rad8 18.Bf4
Bd5 19.N1d2 Bxf3+ 20.Qxf3 Nd5 21.Bg5 Rc8 22.Nc4 Ne3+ 23.Nxe3
dxe3 24.Bxe3 Bxb2 25.Rad1 Rfd8 26.Bb6 Rxd1 27.Rxd1 Bg7 28.Qd5
Ne5 29.Qxf7+ Kxf7 30.Bd4 Rxc2 31.Bxe5 Bxe5 32.Rd7+ Kf6 33.Rxb7
Rxa2 34.Rxh7 Rb2 35.Nc5 Bd4 36.Nd7+ Ke6 37.Nf8+ Kf6 38.Nd7+
Ke6 39.Nf8+ Kd5 40.Rd7+ Kc4 41.Nxg6 Rxf2+ 42.Kh3 a5 43.Nf4 a4
44.Rc7+ Kb5 45.Nd3 Rd2 46.Nc1 Bg1 47.Rb7+ Kc6 48.Kh4 Kxb7
49.Kg5 Rxh2 50.Kxf5 a3 51.Nb3 a2 52.g4 Rb2 53.Na5+ Ka6 54.Nc4
a1=Q 55.Ne5 Rb5 56.Ke6 Qxe5+ 57.Kf7 Rb7+ 58.Kg6 Rg7+ 0-1

[Event "RUS Cup Qualifier 5"]
[Site "chessassistantclub.com INT"]
[Date "2004.12.24"]
[EventDate "?"]
[Round "?"]
[Result "1-0"]
[White "Konstantin Maslak"]
[Black "Natalia Pogonina"]
[WhiteElo "2551"]
[BlackElo "2501"]
[PlyCount "43"]

1.e4 e6 2.d4 d5 3.Nc3 Nf6 4.Bg5 Be7 5.e5 Nfd7 6.h4 Bxg5 7.hxg5
Qxg5 8.Nh3 Qe7 9.Nf4 g6 10.Bd3 Nb6 11.Bxg6 Qg5 12.Rh5 Qxf4
13.g3 fxg6 14.gxf4 gxh5 15.Qxh5+ Kd7 16.Qf7+ Kc6 17.f5 Nc4
18.fxe6 Na6 19.Qf6 Re8 20.e7+ Kd7 21.Nxd5 c6 22.Qf5+ 1-0

[Event "RUS Cup Qualifier 5"]
[Site "chessassistantclub.com INT"]
[Date "2004.12.24"]
[EventDate "?"]
[Round "?"]
[Result "0-1"]
[White "Alexander Potapov"]
[Black "Natalia Pogonina"]
[WhiteElo "2175"]
[BlackElo "2501"]
[PlyCount "130"]

1.e4 e6 2.d4 d5 3.Nd2 Nf6 4.e5 Nfd7 5.Bd3 c5 6.c3 Nc6 7.Ne2
cxd4 8.cxd4 f6 9.exf6 Nxf6 10.Nf3 Bd6 11.O-O Qc7 12.Bd2 O-O
13.Ng3 e5 14.dxe5 Nxe5 15.Rc1 Qf7 16.Nxe5 Bxe5 17.b3 Bg4
18.Qc2 Rac8 19.Qb1 Rxc1 20.Qxc1 h5 21.Qc5 b6 22.Qe3 Re8 23.Qg5
Nh7 24.Qg6 Nf6 25.Re1 h4 26.Qxf7+ Kxf7 27.Nf5 h3 28.g3 Ne4
29.Bxe4 dxe4 30.Ne3 Bf3 31.Rc1 Rd8 32.Be1 Rd3 33.Kf1 Bd4
34.Nc2 Bc5 35.Bb4 Bxb4 36.Nxb4 Rd2 37.Ke1 e3 38.fxe3 Rxh2
39.Rc4 g5 40.Nd3 Re2+ 41.Kf1 h2 42.Ne5+ Ke6 43.Nxf3 h1=Q+
44.Kxe2 Qg2+ 45.Kd3 Qxf3 46.Re4+ Kd5 47.Rd4+ Kc5 48.g4 Qd1+
49.Kc3 Qc1+ 50.Kd3 Qb1+ 51.Kc3 Qa1+ 52.Kd3 Qxa2 53.Kc3 Qa1+
54.Kd3 Qb2 55.Rc4+ Kd5 56.Rd4+ Kc5 57.Rc4+ Kb5 58.Rd4 Qxb3+
59.Ke4 Qe6+ 60.Kd3 a5 61.e4 a4 62.Rd5+ Qxd5+ 63.exd5 Kc5
64.Kc3 Kxd5 65.Kb4 b5 0-1

[Event "RUS Cup Qualifier 5"]
[Site "chessassistantclub.com INT"]
[Date "2004.12.24"]
[EventDate "?"]
[Round "?"]
[Result "1-0"]
[White "Vladimir Potkin"]
[Black "Natalia Pogonina"]
[WhiteElo "2606"]
[BlackElo "2501"]
[PlyCount "87"]

1.d4 e6 2.e4 d5 3.e5 c5 4.c3 Nc6 5.Nf3 Qb6 6.a3 c4 7.Nbd2 Na5
8.Be2 Bd7 9.O-O h6 10.Rb1 Ne7 11.Re1 Nec6 12.b3 cxb3 13.Nxb3
Qc7 14.Nbd2 Be7 15.Nf1 a6 16.Ng3 g6 17.h4 Na7 18.h5 g5 19.Nh2
Bb5 20.Ng4 Bxe2 21.Qxe2 Nb5 22.Bd2 Nc4 23.a4 Nxd2 24.Qxd2 Na3
25.f4 Nxb1 26.Rxb1 O-O-O 27.f5 Rd7 28.Qd3 Qc6 29.a5 Bd8 30.Ra1
Rc7 31.Ne2 Qc4 32.Qf3 Kb8 33.Kh2 exf5 34.Ne3 g4 35.Qf2 Qd3
36.Nxd5 Rd7 37.Ndf4 Qe4 38.Ng3 Qc6 39.Nxf5 Qxc3 40.Rb1 Bg5
41.Nd6 Rxd6 42.exd6 g3+ 43.Qxg3 Qf3 44.Qxf3 1-0